000 00562nam a22001817a 4500
005 20230906120439.0
010 _aENG-112364 ENG-137551
020 _a9788184303162
_c250.00
035 _aEN-95896 EN-121083
037 _bDBAD/PUB
082 _a370.954
100 _aDewal, Onkar Singh
_956017
245 _aM.K.Gandhi The Educationist Par Excellence/
_cby Onkar Singh Dewal
260 _aNew Delhi
_bOcean Books
_c2015
270 _a4/19, Asaf Ali Road,
_bNew Delhi
_e110002
300 _a158p.
_c23cm(Hb)
942 _2ddc
_cEN
_mDEW
_h301.153
999 _c92218
_d92218